Loading...
| Social Science | 0 | 5 | 0 | 1 | 50 | 82 | 95.00 | 2 | 5 |
| Fine Arts - Other Fine Arts | 1 | 2 | 1 | 0 | 30 | 86 | 108.00 | 0 | 3 |
| Fine Arts - Auditory Fine Arts | 0 | 2 | 0 | 0 | 20 | 137 | 148.50 | 1 | 2 |
| History - American History | 0 | 2 | 0 | 1 | 20 | 76 | 107.00 | 1 | 2 |
| Literature - European Literature | 0 | 1 | 0 | 0 | 10 | 115 | 115.00 | 0 | 1 |
| Literature - American Literature | 0 | 1 | 0 | 0 | 10 | 92 | 92.00 | 0 | 1 |
| Literature - World Literature | 0 | 1 | 0 | 0 | 10 | 130 | 130.00 | 0 | 1 |
| Science - Biology | 0 | 1 | 0 | 0 | 10 | 76 | 76.00 | 0 | 1 |
| Religion | 0 | 1 | 1 | 0 | 5 | 90 | 90.00 | 0 | 1 |
| Current Events | 0 | 0 | 0 | 0 | 0 | 0.00 | 0 | 0 |